CS: FaZe Clan players throughout history - Statistics

General Stats
  • This quiz has been taken 36 times
  • The average score is 16 of 23
Answer Stats
Name Country Join date In-game nickname % Correct
Robin Kool Estonia 2022 ropz
96%
Russel Van Dulken Canada 2021 Twistzz
93%
Helvijs Saukants Latvia 2019 broky
89%
David Čerňanský Slovakia 2023 frozen
89%
Finn Andersen Denmark 2016 karrigan
89%
Nikola Kovač Bosnia and Herzegovina 2017 NiKo
89%
Olof Kajbjer Sweden 2017 olofmeister
89%
Håvard Nygaard Norway 2016 rain
89%
Markus Kjærbye Denmark 2020 Kjaerbye
79%
Marcelo David Brazil 2019 coldzera
75%
Justin Savage Australia 2022 (stand-in) jks
75%
Ladislav Kovács Slovakia 2017 GuardiaN
71%
Filip Kubski Poland 2019 NEO
64%
Fabien Fiey France 2016 kioShiMa
61%
Dauren Kystaubayev Kazakhstan 2019 AdreN
57%
Aleksi Jalli Finland 2016 allu
54%
Joakim Myrbostad Norway 2016 jkaem
50%
Aurimas Pipiras Lithuania 2020 Bymas
46%
Ricardo Pacheco Portugal 2016 fox
46%
Mikail Bill Sweden 2016 Maikelele
46%
Phillip Aistrup Denmark 2016 aizy
43%
Richard Landström Sweden 2018 Xizt
39%
Patrick Hansen Denmark 2023 (stand-in) es3tag
32%
No matching quizzes found
Score Distribution
Percent of People with Each Score
Percentile by Number Answered
Your Score History
You have not taken this quiz